000 01109nam a2200349 a 4500
001 70143
003 BD-RjUL
005 20211209081952.0
008 170416s20112008enka ob 001 0 eng d
020 _a9781628708523 (electronic bk.)
020 _a9780199580798
020 _z9780199208043
020 _z0199208042
035 _a(BD-RjUL)70355
040 _aKNOVL
_beng
_erda
_epn
_cKNOVL
_dBD-RjUL
041 _aeng
082 0 4 _a572.80285
_223
_bLEI 2011
084 _aWD 2100
_2rvk
100 1 _aLesk, Arthur M.
_9207739
245 1 0 _aIntroduction to bioinformatics /
_cArthur M. Lesk.
246 3 0 _aBioinformatics
250 _aThird edition.
260 _aOxford :
_bOxford University Press, cop.x,
_c2008 [reprint 2011]
300 _axxii, 474 p. :
_bill. ;
_c23 cm.
504 _aIncludes bibliographical references and index.
650 0 _aBioinformatics.
_9118574
655 4 _aElectronic books.
_9129485
856 4 0 _3Knovel
_uhttp://app.knovel.com/web/toc.v/cid:kpIBE00007
_zMIT Access Only
942 _2ddc
_cBK
946 _mKnovel
956 4 0 _uhttp://libraries.mit.edu/get/knovel
999 _c70143
_d70143